| 000 | 00795nam a2200181Ia 4500 | ||
|---|---|---|---|
| 008 | 151202s9999||||xx |||||||||||||| ||und|| | ||
| 082 | _bPNVM-68444 | ||
| 100 | _aचेस जेम्स हॅडली अनु. हुद्दार मुकर. | ||
| 245 | _aदि मर्सिलेस किलर. | ||
| 260 | _b"स्वरुपदीप प्रकाशन, सोलापूर." | ||
| 260 | _c68444 | ||
| 300 | _a159 | ||
| 600 | _aचेस जेम्स हॅडली अनु. हुद्दार मुकर. | ||
| 630 | _aदि मर्सिलेस किलर. | ||
| 700 | _aचेस जेम्स हॅडली अनु. हुद्दार मुकर. | ||
| 730 | _aदि मर्सिलेस किलर. | ||
| 942 | _cBOOK | ||
| 999 |
_c1334954 _d1334951 |
||